[Event "Flint (MI Senior/1)"]
[Site "?"]
[Date "1993.??.??"]
[Round "?"]
[White "Snuske, R."]
[Black "LaForge, Tom"]
[Result "0-1"]
[WhiteElo "1605"]
[BlackElo "2005"]
[PlyCount "77"]
[EventDate "1993.??.??"]

1. Nf3 d5 2. e3 c5 3. b3 Nc6 4. Bb2 Nf6 5. h3 Bf5 6. d3 g6 7. Bxf6 exf6 8. c3
Bg7 9. Nbd2 O-O 10. Be2 b5 11. Rc1 Qa5 12. O-O Rad8 13. Qc2 Rfe8 14. Rfe1 c4
15. e4 cxd3 16. Bxd3 dxe4 17. Nxe4 Ne5 18. Nxe5 fxe5 19. Re3 Qb6 20. Rf3 Bxe4
21. Bxe4 f5 22. Bxf5 gxf5 23. Rxf5 Rf8 24. Re1 Rxf5 25. Qxf5 Rf8 26. Qc2 Qc5
27. Re4 Rc8 28. c4 Qd6 29. g3 Qe6 30. Kg2 bxc4 31. bxc4 Qc6 32. f3 Rf8 33. Qe2
a5 34. Qf2 Ra8 35. Qc2 a4 36. Qd3 a3 37. h4 Qc5 38. h5 Rb8 39. Qd2 0-1

[Event "East Lansing (MOR/1a/18)"]
[Site "?"]
[Date "1993.??.??"]
[Round "?"]
[White "Snuske, R."]
[Black "Kincare, K."]
[Result "1-0"]
[WhiteElo "1605"]
[BlackElo "1605"]
[PlyCount "63"]
[EventDate "1993.??.??"]

1. e4 Nf6 2. Nc3 g6 3. Be2 d6 4. d4 Bg7 5. Be3 e5 6. dxe5 dxe5 7. Qxd8+ Kxd8 8.
O-O-O+ Nbd7 9. Nf3 b6 10. Nxe5 Rf8 11. Bb5 a6 12. Bc6 Ra7 13. Bxd7 Nxd7 14.
Nc6+ Ke8 15. Nxa7 Bb7 16. Nd5 c6 17. Nxb6 Nxb6 18. Bxb6 f5 19. Rd8+ Kf7 20.
Rxf8+ Kxf8 21. exf5 gxf5 22. Rd1 Bh6+ 23. Be3 f4 24. Bd2 a5 25. g3 c5 26. Bxf4
Bg7 27. Bd6+ Kf7 28. Bxc5 Bf3 29. Rd7+ Kg6 30. Rd6+ Kh5 31. Nc6 a4 32. Nd4 1-0

[Event "Ann Arbor (HVA/4/13)"]
[Site "?"]
[Date "1993.??.??"]
[Round "?"]
[White "Snuske, R."]
[Black "Jagodzinski, J."]
[Result "1-0"]
[WhiteElo "1605"]
[BlackElo "1605"]
[PlyCount "117"]
[EventDate "1993.??.??"]

{4/(13)} 1. e4 e5 2. Nf3 Nc6 3. d4 exd4 4. Nxd4 Nxd4 5. Qxd4 b6 6. Nc3 Bc5 7.
Qe5+ Qe7 8. Qxe7+ Nxe7 9. Bf4 c6 10. Na4 Ng6 11. Nxc5 Nxf4 12. Nd3 Ne6 13.
O-O-O f6 14. f4 Ba6 15. Nb4 Bxf1 16. Rhxf1 a5 17. Nd3 O-O 18. f5 Ng5 19. Nf2
Ra7 20. h4 Nf7 21. Nd3 d6 22. g4 h6 23. Nf4 Re8 24. Ne6 Rd7 25. Rg1 b5 26. Rd2
Ne5 27. Rg3 g5 28. hxg5 fxg5 29. Rh3 Nf7 30. Rdh2 Kh7 31. Nxg5+ Nxg5 32. Rxh6+
Kg7 33. Rg6+ Kf8 34. Rh8+ Ke7 35. Rxe8+ Kxe8 36. Rxg5 Re7 37. Rh5 Rxe4 38. g5
Rg4 39. g6 Kf8 40. Rh8+ Kg7 41. Rh7+ Kg8 42. Rd7 Rf4 43. Rxd6 Rxf5 44. Rxc6 Kg7
45. b3 b4 46. Kb2 Rg5 47. a3 bxa3+ 48. Kxa3 Kh6 49. Ka4 Kg7 50. Ra6 Rg2 51. Rc6
Rg5 52. c4 Rg3 53. Rb6 Rxg6 54. Rxg6+ Kxg6 55. Kxa5 Kf6 56. Kb6 Ke5 57. Kc7 Ke4
58. b4 Kd4 59. b5 1-0

[Event "Ann Arbor (HVA/2/7)"]
[Site "?"]
[Date "1993.??.??"]
[Round "?"]
[White "Snuske, R."]
[Black "Croel, Duane"]
[Result "1/2-1/2"]
[WhiteElo "1605"]
[BlackElo "1820"]
[PlyCount "24"]
[EventDate "1993.??.??"]

{2/(7)} 1. e4 c5 2. f4 Nc6 3. Nf3 g6 4. Be2 Bg7 5. O-O e6 6. d3 Nge7 7. Nbd2 d5
8. Qe1 Nd4 9. Bd1 Nec6 10. c3 Nxf3+ 11. Bxf3 d4 12. e5 dxc3 {[Remainder
illegible; 1/2-1/2, 33?]} 1/2-1/2

[Event "Troy (TCC/B/3/9)"]
[Site "?"]
[Date "1993.??.??"]
[Round "?"]
[White "Snuske, R."]
[Black "Collins, Charles"]
[Result "1/2-1/2"]
[WhiteElo "1605"]
[BlackElo "1725"]
[PlyCount "103"]
[EventDate "1993.??.??"]

{3/(9)} 1. e4 Nf6 2. Nc3 d6 3. d4 g6 4. Nf3 Bg7 5. Be2 c6 6. h3 b5 7. a3 Bb7 8.
O-O O-O 9. Re1 a6 10. Be3 Nbd7 11. Qd2 c5 12. e5 Ne4 13. Nxe4 Bxe4 14. Bh6 cxd4
15. Bxg7 Kxg7 16. exd6 e5 17. Ng5 Bb7 18. Bf3 Bxf3 19. Nxf3 f6 20. Rac1 Qb6 21.
c3 dxc3 22. Rxc3 Rac8 23. Rec1 Rxc3 24. Rxc3 Nc5 25. Qe3 Nd7 26. Qxb6 Nxb6 27.
Rc7+ Kg8 28. Nd2 f5 29. Nb3 Rd8 30. Rc6 Nc4 31. Rxa6 e4 32. Nd4 Rxd6 33. Rxd6
Nxd6 34. b3 Kf7 35. Kf1 Kf6 36. a4 bxa4 37. bxa4 Ke5 38. Nc2 Kd5 39. Ke2 Nc4
40. f3 exf3+ 41. Kxf3 g5 42. Ne3+ Nxe3 43. Kxe3 h6 44. g3 Kc5 45. a5 Kb5 46. a6
Kxa6 47. Kd4 Kb5 48. Ke5 Kc5 49. Kxf5 Kd5 50. h4 gxh4 51. gxh4 h5 52. Kf6
1/2-1/2

[Event "Lansing (MI Am/2)"]
[Site "?"]
[Date "1993.??.??"]
[Round "?"]
[White "Snuske, R."]
[Black "Chandler, P."]
[Result "0-1"]
[WhiteElo "1605"]
[BlackElo "1820"]
[PlyCount "116"]
[EventDate "1993.??.??"]

1. e4 c5 2. Bc4 e6 3. Nf3 a6 4. a3 b5 5. Ba2 Bb7 6. d3 Nc6 7. O-O Bd6 8. Re1
Qc7 9. Nbd2 Nge7 10. Nf1 O-O 11. Ng3 f5 12. Bg5 Bf4 13. Bxf4 Qxf4 14. Qd2 Qxd2
15. Nxd2 Nd4 16. Rac1 f4 17. Ne2 Nxe2+ 18. Rxe2 Rac8 19. f3 Nc6 20. c3 Ne5 21.
Bb1 Rc7 22. Rd1 Rd8 23. d4 cxd4 24. cxd4 Nc4 25. Nxc4 bxc4 26. Rc1 d5 27. e5
Bc6 28. Bc2 Rb8 29. Rb1 Rcb7 30. g3 fxg3 31. hxg3 g6 32. Bd1 c3 33. b3 Ba4 34.
b4 Bxd1 35. Rxd1 a5 36. Rc1 axb4 37. axb4 Rxb4 38. Rxc3 Rxd4 39. Kf2 Rb7 40.
Ke3 Rdb4 41. Rd2 Rb3 42. Rdc2 R7b4 43. Rxb3 Rxb3+ 44. Kf4 Rb7 45. Kg5 Kg7 46.
Kf4 h6 47. Ke3 g5 48. g4 Kg6 49. Kd4 h5 50. gxh5+ Kxh5 51. Rh2+ Kg6 52. Rf2 Kf5
53. Re2 Rc7 54. Re3 Rc4+ 55. Kd3 Kf4 56. Ke2 Rc2+ 57. Kd3 Rc3+ 58. Kxc3 Kxe3
0-1

[Event "Lansing (MI Am/4)"]
[Site "?"]
[Date "1993.??.??"]
[Round "?"]
[White "Snuske, R."]
[Black "Boyle, John"]
[Result "1-0"]
[WhiteElo "1605"]
[BlackElo "1605"]
[PlyCount "120"]
[EventDate "1993.??.??"]

1. e4 c5 2. Bc4 d6 3. Nf3 Nf6 4. d3 g6 5. O-O Bg7 6. Re1 Nc6 7. c3 O-O 8. Nbd2
Bd7 9. Nf1 Na5 10. e5 dxe5 11. Nxe5 e6 12. a3 Rb8 13. Ba2 Qc7 14. Bf4 Nd5 15.
Nxd7 Qxf4 16. Nxf8 Rxf8 17. Re4 Qf5 18. Ng3 Qg5 19. Bxd5 exd5 20. Re2 c4 21.
dxc4 dxc4 22. Qa4 Qc5 23. Re8 Rxe8 24. Qxe8+ Bf8 25. Re1 Nc6 26. Ne4 Qf5 27.
Nd6 Qd5 28. Ne4 Qf5 29. h3 Kg7 30. Ng3 Qc2 31. Qe2 Qb3 32. Ne4 Qb5 33. Nd2 Qxb2
34. Nxc4 Qxc3 35. Qb2 Qxb2 36. Nxb2 Bxa3 37. Nc4 Bb4 38. Rb1 a5 39. Ne3 f5 40.
Nd5 b5 41. Nxb4 Nxb4 42. Kf1 Kf6 43. Ke2 Ke5 44. Kd2 Kd4 45. Rb3 Kc4 46. Rc3+
Kd4 47. Rc7 a4 48. Rxh7 a3 49. Rh4+ Kc5 50. Kc3 Nd5+ 51. Kb3 b4 52. Rc4+ Kb5
53. Rc8 g5 54. Rf8 f4 55. Rf5 Kc6 56. Rxg5 Nc3 57. Ra5 Kb6 58. Rxa3 bxa3 59.
Kxc3 Ka5 60. h4 Ka4 1-0

[Event "Flint (MI Senior/3)"]
[Site "?"]
[Date "1993.??.??"]
[Round "?"]
[White "Snuske, R."]
[Black "Basas, J."]
[Result "0-1"]
[WhiteElo "1605"]
[BlackElo "1655"]
[PlyCount "34"]
[EventDate "1993.??.??"]

1. e4 e5 2. Nf3 Nc6 3. Bc4 h6 4. c3 Nf6 5. Qc2 Bc5 6. O-O d6 7. b4 Bb6 8. b5
Ne7 9. d4 Ng6 10. dxe5 dxe5 11. Ba3 Ng4 12. h3 h5 13. Nbd2 Nf4 14. hxg4 hxg4
15. Bxf7+ Kxf7 16. Nxe5+ Ke8 17. Ndc4 Qh4 0-1

[Event "Troy (TCC/B/3/11)"]
[Site "?"]
[Date "1993.??.??"]
[Round "?"]
[White "Snodgrass, M."]
[Black "Vega, D."]
[Result "0-1"]
[WhiteElo "1665"]
[BlackElo "1605"]
[PlyCount "66"]
[EventDate "1993.??.??"]

{3/(11)} 1. e4 e5 2. c4 Nf6 3. Nc3 d6 4. g3 Nbd7 5. Bg2 c6 6. Nge2 a6 7. O-O b5
8. d3 Be7 9. a3 Ng4 10. h3 Ngf6 11. Be3 h5 12. f4 Nh7 13. cxb5 axb5 14. d4 g5
15. d5 gxf4 16. gxf4 Rg8 17. dxc6 Nb6 18. Kh2 Nc4 19. Bf2 Bh4 20. b3 Bxf2 21.
bxc4 Qh4 22. Qd3 Nf6 23. Nd1 Ng4+ 24. Kh1 Bd4 25. Qg3 Nf2+ 26. Rxf2 Rxg3 27.
Nxg3 Bxf2 28. Nf5 Bxf5 29. exf5 Ra4 30. cxb5 Bd4 31. Rb1 Qe1+ 32. Kh2 h4 33. c7
Qg1# 0-1

[Event "Troy (TCC/C/1a)"]
[Site "?"]
[Date "1993.??.??"]
[Round "?"]
[White "Snodgrass, M."]
[Black "Attaya, Jim"]
[Result "0-1"]
[WhiteElo "1665"]
[BlackElo "1605"]
[PlyCount "62"]
[EventDate "1993.??.??"]

1. e4 c6 2. d4 d5 3. e5 Bf5 4. Bd3 Bg6 5. f4 Qd7 6. Nf3 Bh5 7. O-O Nh6 8. h3
Na6 9. a3 Nc7 10. Be3 f6 11. Qe1 Bf7 12. c4 dxc4 13. Bxc4 Bxc4 14. Rf2 O-O-O
15. Qc3 Bd5 16. a4 Nf5 17. Nbd2 Nxe3 18. Qxe3 Bxf3 19. Nxf3 Nd5 20. Qd2 e6 21.
Rff1 Bb4 22. Qd3 Nxf4 23. Qc4 Nd5 24. Rfc1 Kb8 25. a5 Rc8 26. Ra4 c5 27. Qb3
Qe7 28. a6 b6 29. dxc5 Bxc5+ 30. Kh1 Rhd8 31. Rac4 Nb4 0-1

[Event "Flint (Class C/5)"]
[Site "?"]
[Date "1993.??.??"]
[Round "?"]
[White "Snobeck, Michael"]
[Black "Jensen, D."]
[Result "0-1"]
[WhiteElo "1605"]
[BlackElo "1605"]
[PlyCount "40"]
[EventDate "1993.??.??"]

1. e4 c5 2. Nf3 d6 3. d4 cxd4 4. Nxd4 Nf6 5. Nc3 Bd7 6. Bc4 e6 7. O-O Nc6 8.
Nb3 a6 9. Bg5 Be7 10. Qf3 Ne5 11. Qe2 Nxc4 12. Qxc4 Rc8 13. Qe2 Qc7 14. Nd4 Qc5
15. Nb3 Qxg5 16. Rad1 Bc6 17. f4 Qg4 18. Rf3 e5 19. f5 Nxe4 20. h3 Nxc3 0-1

[Event "Flint (Class C/2)"]
[Site "?"]
[Date "1993.??.??"]
[Round "?"]
[White "Snobeck, Michael"]
[Black "Edson, James"]
[Result "1-0"]
[WhiteElo "1605"]
[BlackElo "1605"]
[PlyCount "65"]
[EventDate "1993.??.??"]

1. e4 e5 2. Nf3 Nc6 3. Bb5 d6 4. d4 exd4 5. Bxc6+ bxc6 6. Nxd4 Bb7 7. Nc3 Nf6
8. O-O Be7 9. Nf5 O-O 10. Nxe7+ Qxe7 11. Bg5 Qe6 12. Qf3 Nd7 13. Qg3 h6 14. Bd2
Qe5 15. f4 Qf6 16. f5 Rfe8 17. Rf4 Ne5 18. Rh4 Kh7 19. Rf1 d5 20. Qh3 Rh8 21.
g4 g5 22. fxg6+ Qxg6 23. Rxh6+ Kg7 24. Rxg6+ fxg6 25. Qg3 Rae8 26. Bg5 Rhf8 27.
Rxf8 Kxf8 28. Qf4+ Kg8 29. Bf6 Rf8 30. Qxe5 dxe4 31. Qe7 Rf7 32. Qe8+ Rf8 33.
Qxg6# 1-0

[Event "Flint (Beg/3)"]
[Site "?"]
[Date "1993.??.??"]
[Round "?"]
[White "Smith, William"]
[Black "Harris, S."]
[Result "1-0"]
[WhiteElo "1605"]
[BlackElo "1605"]
[PlyCount "61"]
[EventDate "1993.??.??"]

1. e4 e5 2. Bc4 Nf6 3. Nf3 Nc6 4. c3 Bc5 5. Qb3 d6 6. Ng5 Qe7 7. Nxf7 Qxf7 8.
Bxf7+ Ke7 9. Na3 Na5 10. Qb5 Kxf7 11. Qxa5 Bb6 12. Qa4 Ke7 13. d3 Bd7 14. Qd1
Bg4 15. Qd2 Nh5 16. Qg5+ Kf7 17. Qxg4 Nf6 18. Qf3 Ke6 19. Qh3+ Kf7 20. Bg5 h6
21. Bd2 g6 22. Nc4 Bc5 23. d4 exd4 24. Qf3 Rae8 25. O-O Rxe4 26. Rae1 Rxe1 27.
Rxe1 Kg7 28. Qe2 Rf8 29. Qe7+ Kg8 30. Bxh6 Re8 31. Qg7# 1-0

[Event "Flint (Beg/4)"]
[Site "?"]
[Date "1993.??.??"]
[Round "?"]
[White "Smith, William"]
[Black "Boegler, D."]
[Result "1-0"]
[WhiteElo "1605"]
[BlackElo "1605"]
[PlyCount "91"]
[EventDate "1993.??.??"]

1. c3 d5 2. c4 Nf6 3. d4 Nc6 4. Nf3 Bf5 5. Nc3 e6 6. Bg5 h6 7. cxd5 hxg5 8.
dxc6 bxc6 9. Nxg5 Bd6 10. e4 Bg6 11. e5 Ng4 12. Qxg4 Be7 13. Nge4 Qxd4 14. Rd1
Qb6 15. Na4 Qb8 16. Qe2 Bh5 17. f3 Qb4+ 18. Nd2 Qxa4 19. g4 Bh4+ 20. Qf2 Bxf2+
21. Kxf2 Bg6 22. Be2 O-O 23. b3 Qxa2 24. Nc4 Qxb3 25. h3 Rab8 26. Nd2 Qd5 27.
f4 a5 28. Bc4 Qc5+ 29. Kf1 a4 30. Rh2 Ra8 31. Ke2 Rfb8 32. Rdh1 Rb2 33. f5
Qxc4+ 34. Kf3 Bh7 35. Nxc4 Rb3+ 36. Ne3 a3 37. Ra1 c5 38. fxe6 fxe6 39. h4 Rab8
40. h5 R8b4 41. Rd2 Re4 42. Rad1 Rexe3+ 43. Kf4 Rb4+ 44. Kxe3 c4 45. Rd8+ Kf7
46. R1d7# 1-0

[Event "Flint (Beg/1)"]
[Site "?"]
[Date "1993.??.??"]
[Round "?"]
[White "Smith, William"]
[Black "Belill, Matt"]
[Result "0-1"]
[WhiteElo "1605"]
[BlackElo "1605"]
[PlyCount "70"]
[EventDate "1993.??.??"]

1. e4 e5 2. Bc4 Nf6 3. d3 Nc6 4. Nf3 d6 5. Na3 a6 6. Be3 Bg4 7. O-O Be7 8. c3
O-O 9. Bg5 Na5 10. Bxf7+ Rxf7 11. Nc2 h6 12. Bh4 Nh7 13. Bxe7 Qxe7 14. Ne3 Bxf3
15. d4 Bxd1 16. Raxd1 Ng5 17. b4 Nc6 18. Nd5 Qd7 19. a3 Raf8 20. Rd3 exd4 21.
cxd4 Qg4 22. Rg3 Qxe4 23. Nc3 Qxd4 24. Ne2 Qd2 25. Re3 Rxf2 26. h3 Qxe3 27.
Rxf2 Qxf2+ 28. Kh2 Qxe2 29. h4 Nf3+ 30. Kh3 Nxh4 31. g3 g5 32. gxh4 gxh4 33.
Kxh4 Qg2 34. Kh5 Rf1 35. Kxh6 Rh1# 0-1

[Event "East Lansing (MI Op/5/22)"]
[Site "?"]
[Date "1993.??.??"]
[Round "?"]
[White "Smith, Walt"]
[Black "Wisckol, Richard"]
[Result "1-0"]
[WhiteElo "1970"]
[BlackElo "1830"]
[PlyCount "87"]
[EventDate "1993.??.??"]

{5/(22)} 1. e4 c5 2. Nf3 Nc6 3. Bb5 g6 4. O-O Bg7 5. Re1 Nf6 6. e5 Nd5 7. Nc3
Nc7 8. Bxc6 bxc6 9. Ne4 Ne6 10. d3 O-O 11. Be3 d6 12. exd6 exd6 13. c3 Rb8 14.
Qc2 Qc7 15. Re2 a5 16. Rae1 Ba6 17. Neg5 Rbe8 18. Bd2 Qd7 19. b3 h6 20. Nxe6
fxe6 21. c4 e5 22. Bxa5 Rf6 23. d4 cxd4 24. Nxd4 c5 25. Nf3 Bb7 26. Nd2 Ref8
27. Ne4 Rf4 28. f3 R8f7 29. Rd1 Bf8 30. Nxc5 Qc6 31. Nxb7 Qxb7 32. Rd5 Qa7+ 33.
Kh1 e4 34. Rxe4 Rxe4 35. Qxe4 Qf2 36. Rd1 Qxa2 37. Qd5 Qxb3 38. Re1 Kg7 39. h3
Qa4 40. Bc3+ Kg8 41. Re6 Qc2 42. Rf6 Bg7 43. Qxf7+ Kh7 44. Re6 1-0

[Event "East Lansing (MI Op/6/16)"]
[Site "?"]
[Date "1993.??.??"]
[Round "?"]
[White "Smith, Walt"]
[Black "Sanborn, Richard"]
[Result "1/2-1/2"]
[WhiteElo "1970"]
[BlackElo "1835"]
[PlyCount "102"]
[EventDate "1993.??.??"]

{6/(16)} 1. e4 c5 2. Nf3 d6 3. Nc3 Nf6 4. Bb5+ Nc6 5. O-O a6 6. Bxc6+ bxc6 7.
e5 Nd5 8. exd6 exd6 9. Ne4 Be7 10. d3 O-O 11. Re1 Bg4 12. h3 Bh5 13. Ng3 Bg6
14. a3 Bf6 15. Ne4 Bxe4 16. dxe4 Nc7 17. Bf4 Be7 18. Qd2 Ra7 19. Rad1 Ne8 20.
c4 f6 21. b4 cxb4 22. axb4 Qb6 23. Nd4 g6 24. Ne6 Rf7 25. Be3 c5 26. Rb1 Rb7
27. Kh2 Qc6 28. bxc5 Qxe4 29. Rxb7 Qxb7 30. Qd5 Qxd5 31. cxd5 dxc5 32. Nxc5 Nc7
33. Ne4 Bb4 34. Rd1 f5 35. Nc5 Bxc5 36. Bxc5 Rd7 37. d6 Nb5 38. Ra1 Nc3 39. f3
Kf7 40. Rxa6 Ke6 41. h4 Nb5 42. g4 fxg4 43. fxg4 Nxd6 44. Kg3 Ke5 45. Bxd6+
Rxd6 46. Rxd6 Kxd6 47. Kf4 h6 48. h5 gxh5 49. Kg3 Ke5 50. Kh4 Kf4 51. Kxh5 Kg3
1/2-1/2

[Event "Eastpointe (MI Action/6/9)"]
[Site "?"]
[Date "1993.??.??"]
[Round "?"]
[White "Smith, Walt"]
[Black "McCarter, Robert"]
[Result "1-0"]
[WhiteElo "1955"]
[BlackElo "1700"]
[PlyCount "70"]
[EventDate "1993.??.??"]

{6/(9)} 1. e4 c5 2. Nf3 Nc6 3. Bb5 g6 4. O-O Bg7 5. Re1 e6 6. Bxc6 bxc6 7. e5
Ne7 8. Nc3 O-O 9. Ne4 Qb6 10. Nd6 Nf5 11. Nc4 Qc7 12. d3 Ba6 13. Bg5 Bxc4 14.
dxc4 d6 15. exd6 Nxd6 16. Bf4 Rfd8 17. Qe2 Qe7 18. Bg5 Bf6 19. Bxf6 Qxf6 20. b3
Nf5 21. Qe4 Ne7 22. Ne5 Rd4 23. Qe2 Rad8 24. Nd3 Qg5 25. f4 Qf6 26. g3 Nf5 27.
Rad1 Qe7 28. Ne5 Qd6 29. Nd3 Rd7 30. Nf2 a5 31. c3 Rxd1 32. Rxd1 Qe7 33. Rxd7
Qxd7 34. Qd3 Qe7 35. Ne4 f6 1-0

[Event "Troy (TCC/A/4/2)"]
[Site "?"]
[Date "1993.??.??"]
[Round "?"]
[White "Smith, Walt"]
[Black "Golonka, Stan"]
[Result "0-1"]
[WhiteElo "1965"]
[BlackElo "1960"]
[PlyCount "90"]
[EventDate "1993.??.??"]

{4/(2)} 1. d4 Nf6 2. c4 c5 3. d5 e5 4. Nc3 d6 5. Nf3 Be7 6. g3 Nbd7 7. Bg2 Nf8
8. O-O Ng6 9. e4 O-O 10. Ne1 Ne8 11. Nc2 f5 12. exf5 Bxf5 13. Ne3 Bd7 14. Ne4
b5 15. b3 a6 16. Qh5 Qc8 17. Bd2 Nf6 18. Nxf6+ Bxf6 19. Be4 Ra7 20. Rac1 Bd8
21. b4 bxc4 22. bxc5 dxc5 23. Rfe1 Rb7 24. Bc3 Bf6 25. Nf5 Qd8 26. d6 Bxf5 27.
Bxb7 Bd3 28. Bd5+ Kh8 29. Ba1 Bg5 30. Bxc4 Bxc1 31. Bxd3 Bh6 32. Bxg6 hxg6 33.
Qxe5 Qa5 34. Re2 Qb5 35. Qe7 Kh7 36. Qxf8 Qxe2 37. Kg2 Qxa2 38. Bc3 Qd5+ 39. f3
Qd3 40. Ba5 Bg5 41. Bc7 Qd2+ 42. Kh3 c4 43. f4 Bf6 44. Qf7 c3 45. Ba5 Qxd6 0-1

[Event "Eastpointe (MI Action/3/10)"]
[Site "?"]
[Date "1993.??.??"]
[Round "?"]
[White "Smith, Walt"]
[Black "Foord, Allan"]
[Result "1-0"]
[WhiteElo "1955"]
[BlackElo "1680"]
[PlyCount "53"]
[EventDate "1993.??.??"]

{3/(10)} 1. e4 c5 2. Nf3 d6 3. Nc3 Nf6 4. Bb5+ Bd7 5. Qe2 a6 6. Bxd7+ Nbxd7 7.
O-O e6 8. d3 Be7 9. Be3 O-O 10. Ng5 h6 11. Nh3 Ne5 12. f3 d5 13. exd5 exd5 14.
Bxh6 Nxf3+ 15. Qxf3 gxh6 16. Nf4 d4 17. Ncd5 Nxd5 18. Nxd5 Bg5 19. Qf5 Qd6 20.
Rae1 Rad8 21. Re5 f6 22. Qg6+ Kh8 23. Re7 Be3+ 24. Kh1 Qxe7 25. Nxe7 Rd7 26.
Rxf6 Re8 27. Rf7 1-0

[Event "East Lansing (MI Op/2/22)"]
[Site "?"]
[Date "1993.??.??"]
[Round "?"]
[White "Smith, Walt"]
[Black "Anderson, JA."]
[Result "1/2-1/2"]
[WhiteElo "1970"]
[BlackElo "1835"]
[PlyCount "90"]
[EventDate "1993.??.??"]

{2/(22)} 1. c4 e5 2. Nc3 Nf6 3. g3 Nc6 4. Bg2 d6 5. Nf3 Be7 6. O-O O-O 7. d4
exd4 8. Nxd4 Ne5 9. b3 Rb8 10. Bb2 Bg4 11. Qd2 Qd7 12. Rfe1 a6 13. Nc2 Bh3 14.
f4 Nc6 15. e4 Bxg2 16. Kxg2 Rbd8 17. Ne3 Rfe8 18. Ned5 Qc8 19. Nxe7+ Nxe7 20.
Nd5 Nexd5 21. exd5 Qf5 22. Rxe8+ Rxe8 23. Bxf6 Qxf6 24. Re1 Rxe1 25. Qxe1 Kf8
26. Qa5 Qe7 27. Kf2 f5 28. Kf1 Kf7 29. Qd2 Qe4 30. Kg1 b6 31. h3 h5 32. Kf2 g6
33. Qe2 Qxe2+ 34. Kxe2 Ke7 35. Kf3 Kd7 36. g4 h4 37. gxf5 gxf5 38. Ke3 Kc8 39.
b4 Kb7 40. Kd4 Ka7 41. a4 Kb7 42. Kc3 Ka7 43. c5 b5 {[52?]} 44. axb5 axb5 45.
cxd6 cxd6 1/2-1/2

[Event "Eastpointe (MI Action/1/21)"]
[Site "?"]
[Date "1993.??.??"]
[Round "?"]
[White "Smith, Walt"]
[Black "Aldrich, Justin"]
[Result "1-0"]
[WhiteElo "1955"]
[BlackElo "1605"]
[PlyCount "87"]
[EventDate "1993.??.??"]

{1/(21)} 1. e4 e5 2. Nf3 Nc6 3. c3 Nf6 4. Bd3 Bc5 5. O-O d5 6. exd5 Qxd5 7. Bc2
Bg4 8. h3 Bxf3 9. Qxf3 Qxf3 10. gxf3 O-O 11. d3 Rfe8 12. Nd2 Rad8 13. Ne4 Nxe4
14. fxe4 h6 15. Kh2 Re6 16. f4 exf4 17. Bxf4 Bd6 18. Bxd6 Rdxd6 19. d4 Rf6 20.
e5 Rxf1 21. Rxf1 Rg6 22. Bxg6 fxg6 23. Kg3 Na5 24. e6 Nc4 25. e7 Nd6 26. Rf8+
Kh7 27. e8=Q Nxe8 28. Rxe8 c6 29. Re7 b5 30. Rxa7 g5 31. Rf7 Kg6 32. Rf8 h5 33.
b3 h4+ 34. Kg4 Kh6 35. a4 bxa4 36. bxa4 g6 37. a5 Kg7 38. Rf3 c5 39. a6 cxd4
40. cxd4 Kh6 41. a7 Kh7 42. a8=Q Kg7 43. Qf8+ Kh7 44. Rf7# 1-0

[Event "Flint (Class B/4)"]
[Site "?"]
[Date "1993.??.??"]
[Round "?"]
[White "Smith, Robert"]
[Black "Stockman, David"]
[Result "1-0"]
[WhiteElo "1725"]
[BlackElo "1675"]
[PlyCount "61"]
[EventDate "1993.??.??"]

1. d4 Nf6 2. c4 c5 3. d5 b5 4. a4 b4 5. Nd2 g6 6. b3 Bg7 7. Bb2 d6 8. e4 O-O 9.
Bd3 Re8 10. Ngf3 a5 11. O-O e6 12. Qc2 exd5 13. exd5 Ra7 14. Rae1 Rae7 15. Rxe7
Rxe7 16. Ng5 Nbd7 17. Nge4 Ne5 18. Nxf6+ Bxf6 19. Ne4 Bg7 20. f4 Nxd3 21. Nf6+
Kh8 22. Qxd3 Bf5 23. Qg3 Rb7 24. Qh4 h5 25. h3 Qe7 26. Re1 Qf8 27. Re8 Qxe8 28.
Nxe8 Bxb2 29. Nxd6 Bd4+ 30. Kh2 Re7 31. Qxe7 1-0

[Event "East Lansing (MOR/1b/4)"]
[Site "?"]
[Date "1993.??.??"]
[Round "?"]
[White "Smith, Robert"]
[Black "Smeckert, Dennis"]
[Result "1-0"]
[WhiteElo "1760"]
[BlackElo "1605"]
[PlyCount "60"]
[EventDate "1993.??.??"]

1. d4 d5 2. c4 e5 3. dxe5 d4 4. Nf3 Nc6 5. Bf4 Be6 6. Nbd2 Qd7 7. a3 a5 8. Nb3
Rd8 9. Nfd2 Nge7 10. Nc1 Ng6 11. Nd3 Be7 12. Bg3 O-O 13. f4 f6 14. exf6 Bxf6
15. Nc5 Qc8 16. Nxe6 Qxe6 17. Qb3 Rfe8 18. O-O-O d3 19. e4 Nd4 20. Qxd3 Qb6 21.
e5 a4 22. Qc3 Bh4 23. c5 Qc6 24. Bc4+ Rd5 25. Qe3 Nb3+ 26. Kb1 Bxg3 27. hxg3
Kh8 28. Qe4 Red8 29. Bxd5 Rxd5 30. Nxb3 Ne7 1-0

[Event "Flint (Class B/2)"]
[Site "?"]
[Date "1993.??.??"]
[Round "?"]
[White "Smith, Robert"]
[Black "McGrath, Michael"]
[Result "0-1"]
[WhiteElo "1725"]
[BlackElo "1615"]
[PlyCount "82"]
[EventDate "1993.??.??"]

1. d4 Nf6 2. c4 c5 3. d5 g6 4. b3 Bg7 5. Bb2 d6 6. Nd2 Qa5 7. e3 Bf5 8. Ngf3
Nbd7 9. Nh4 Ne5 10. Nxf5 gxf5 11. f3 h5 12. Qc2 Bh6 13. Bxe5 dxe5 14. Qxf5 Bxe3
15. Qc2 e4 16. Ke2 Bd4 17. Nxe4 Bxa1 18. d6 Nxe4 19. Qxe4 Qxa2+ 20. Ke3 Qxb3+
21. Kf4 e5+ 22. Kg3 O-O-O 23. Bd3 Rxd6 24. Qf5+ Kb8 25. Be4 Qxc4 26. Rb1 h4+
27. Kh3 Qe6 28. Rxb7+ Kc8 29. Qxe6+ fxe6 30. Rxa7 Rh6 31. Rxa1 c4 32. Ra5 Rd4
33. Rxe5 Kc7 34. Rg5 Kd6 35. Rg8 Kc5 36. Kg4 e5 37. Kf5 h3 38. g3 Rd2 39. Kxe5
Rxh2 40. f4 Re2 41. Rc8+ Kb4 0-1

[Event "Flint (Class B/5)"]
[Site "?"]
[Date "1993.??.??"]
[Round "?"]
[White "Smith, Robert"]
[Black "Hawley, T."]
[Result "1-0"]
[WhiteElo "1725"]
[BlackElo "1760"]
[PlyCount "86"]
[EventDate "1993.??.??"]

1. d4 Nf6 2. c4 e5 3. dxe5 Ne4 4. Nf3 Nc6 5. a3 a5 6. e3 d6 7. Qc2 Nc5 8. exd6
Bxd6 9. b3 Bg4 10. Nbd2 Qd7 11. Bb2 f6 12. Be2 O-O 13. O-O Rfe8 14. Rfe1 Bf5
15. Qd1 Qf7 16. Nf1 Rad8 17. Nd4 Be5 18. Bf3 Nd3 19. Bxc6 bxc6 20. Nxc6 Nxe1
21. Nxd8 Qg6 22. Qd5+ Kf8 23. Bxe5 Be4 24. Qc5+ Kg8 25. Ng3 Rxe5 26. Nc6 Bxc6
27. Qxc6 Nc2 28. Rd1 h6 29. Rd8+ Kh7 30. Qa8 Qg4 31. Rh8+ Kg6 32. h3 Qd1+ 33.
Kh2 Qd6 34. Qg8 Ne1 35. Qh7+ Kf7 36. Rg8 Rg5 37. h4 Rg4 38. Kh3 Qe6 39. Nf5
Rxg2 40. Rxg7+ Rxg7 41. Qxg7+ Ke8 42. Qg6+ Kd7 43. Qg4 Nd3 1-0

[Event "East Lansing (MOR/5/5)"]
[Site "?"]
[Date "1993.??.??"]
[Round "?"]
[White "Smith, Rob"]
[Black "Winkelspecht, A."]
[Result "1-0"]
[WhiteElo "1760"]
[BlackElo "1605"]
[PlyCount "87"]
[EventDate "1993.??.??"]

{5/(5)} 1. d4 c6 2. c4 d5 3. Nc3 Nf6 4. cxd5 cxd5 5. Nf3 Bf5 6. Bf4 e6 7. e3
Nc6 8. Bd3 Bg6 9. O-O Bd6 10. Ne5 Bxe5 11. Bxe5 Nxe5 12. dxe5 Nd7 13. f4 Qb6
14. Qd2 d4 15. Bb5 d3 16. Bxd3 Bxd3 17. Qxd3 Qxb2 18. Nb5 Nxe5 19. Nc7+ Ke7 20.
fxe5 Rad8 21. Qe4 Qb6 22. Qh4+ Kd7 23. Rxf7+ Kc8 24. Qe4 Rd7 25. Rxd7 Kxd7 26.
Nxe6 Kxe6 27. Qg4+ Kf7 28. Rf1+ Ke8 29. Qc8+ Qd8 30. Qxb7 Rf8 31. Qc6+ Ke7 32.
Qc5+ Ke6 33. Qxf8 Qxf8 34. Rxf8 Kxe5 35. Rf7 Ke4 36. Rxg7 Kxe3 37. Rxa7 h5 38.
Rd7 h4 39. a4 h3 40. a5 hxg2 41. a6 Ke4 42. a7 Ke3 43. a8=Q Ke2 44. Qe4# 1-0

[Event "East Lansing (MOR/7/7)"]
[Site "?"]
[Date "1993.??.??"]
[Round "?"]
[White "Smith, Rob"]
[Black "Swathell, Gary"]
[Result "1-0"]
[WhiteElo "1760"]
[BlackElo "1660"]
[PlyCount "61"]
[EventDate "1993.??.??"]

{7/(7)} 1. d4 Nf6 2. c4 c5 3. d5 d6 4. Nc3 g6 5. e4 e5 6. Bd3 Bg7 7. Nge2 O-O
8. O-O Bg4 9. Be3 Bxe2 10. Bxe2 Nbd7 11. Qd2 a6 12. Bg5 Qc7 13. g4 h5 14. gxh5
Nxh5 15. Bxh5 gxh5 16. Bh6 Qd8 17. Kh1 Kh7 18. Bxg7 Kxg7 19. Rg1+ Kh7 20. Rg5
Nf6 21. Rag1 Rg8 22. f4 Rxg5 23. fxg5 Nd7 24. Qe2 Kg6 25. Qf3 Qe7 26. Ne2 Rh8
27. h4 Nf8 28. Ng3 Qd7 29. Qf6+ Kh7 30. Nf5 Ng6 31. Qg7# 1-0

[Event "East Lansing (MOR/3/3)"]
[Site "?"]
[Date "1993.??.??"]
[Round "?"]
[White "Smith, Rob"]
[Black "Grzegorczyk, Ron"]
[Result "1-0"]
[WhiteElo "1760"]
[BlackElo "1640"]
[PlyCount "71"]
[EventDate "1993.??.??"]

{3/(3)} 1. d4 d5 2. c4 c6 3. Nc3 e6 4. cxd5 cxd5 5. Nf3 Nc6 6. Bf4 Qb6 7. Qd2
Nf6 8. a3 Ne4 9. Qc2 Nxd4 10. Nxd4 Qxd4 11. e3 Qc5 12. Bb5+ Kd8 13. Bd3 Nxc3
14. bxc3 Bd7 15. Be5 h6 16. O-O Rc8 17. Bd4 Qa5 18. Rfb1 Qc7 19. a4 b6 20. Ba6
Rb8 21. a5 e5 22. axb6 axb6 23. Qb3 exd4 24. Qxd5 Qd6 25. Qxf7 Qe6 26. Qf4 Bd6
27. Qxd4 Be5 28. Qd3 Ke7 29. Bc4 Qf6 30. Ra7 Qd6 31. Qc2 Bxh2+ 32. Kh1 Be5 33.
Rd1 Qf6 34. Rdxd7+ Ke8 35. Kg1 Qh4 36. Qg6+ 1-0